1020 1912 1876 1362 1309 1760 1278 1903 1373 1671 1292 1320 1012 1192 1850 1370 1955 1263 1701 1723 1700 1206 1847 1925 1183 1615 1045 1279 1714 1861 1880 1433 1511 1664 1320 1222 1869 1998 1536 1935 1518 1195 1485 1621 1946 1762 1712 1659 1890 1435 1708 1230 1084 1291 1150 1341 1776 1231 1010 1458 1334 1782 1414 1270 1763 1514 1362 1047 1973 1068 1565 1790 1945 1601 1875 1912 1279 1255 1134 1997 1230 1368 1255 1039 1755 1350 1517 1660 1161 1417 1320 1244 1022 1292 1025 1054 1801 1848 1839 BCNSPRNW ULIB Ver.6.0+V

เปลี่ยนเป็นภาษาไทย

Change to English
 แสดงรายละเอียดบรรณานุกรม
  กลับหน้าหลัก

Brief Record : Get Marc (ISO 2709) : E-mail record : QR code < ปิดหน้าต่าง
LEADER : 00000nam 2200000uu 4500
001    13399112865
003     ULIB
008    110914s2551||||th 000 0 tha d
020    9789740537915
090    นว.^bห111ฟ 2551
100 0  หย่วนเยวี่ย
245 00 พรหมลิขิตรัก/^cหยวนเยวี่ย
250    พิมพ์ครั้งที่ 1
260    กรุงเทพฯ :^bแจ่มใส,^c2551
300    155 หน้า
710 1  แจ่มใส
945    ^p129^l0^i15018
995    กัณชพร
999     ^aใช้งานได้ทุกระบบ
รายการนี้ยังไม่มีแท็ก
คุณยังไม่ได้ล็อกอิน คุณสามารถมีกิจกรรมร่วมกับเว็บไซต์ได้ แต่ต้องล็อกอินก่อน ::
  ล็อกอิน

รายการสื่อสารสนเทศ

ลำดับที่ ประเภท เลขเรียก/บาร์โค้ด สถานที่ สถานะ
1. วิทยาศาสตร์การแพทย์ และสุขภาพ
วิทยาศาสตร์การแพทย์ และสุขภาพ
นว. ห111ฟ 2551  
  Barcode: 15018
ห้องสมุดวิทยาเขตสวรรค์ประชารักษ์
►นวนิยาย
บนชั้น
  ขอยืม

BibComment


ยังไม่เคยถูกคอมเมนท์

คอมเมนท์ทรัพยากรรายการนี้
  คอมเมนท์: พรหมลิขิตรัก หยวน..


 Copyright 2026. Bcnsprnw @Library